The Cardiovascular system / (Record no. 4949)

000 -LEADER
fixed length control field 01460cam a2200325 i 4500
001 - CONTROL NUMBER
control field 1336217
003 - CONTROL NUMBER IDENTIFIER
control field OSt
005 - DATE AND TIME OF LATEST TRANSACTION
control field 20220331113429.0
008 - FIXED-LENGTH DATA ELEMENTS--GENERAL INFORMATION
fixed length control field 790307m19791984mdua b 001 0 eng
010 ## - LIBRARY OF CONGRESS CONTROL NUMBER
LC control number 79010144
020 ## - INTERNATIONAL STANDARD BOOK NUMBER
International Standard Book Number 0683006053 (v. 1)
040 ## - CATALOGING SOURCE
Original cataloging agency DLC
Transcribing agency DLC
Modifying agency DLC
050 00 - LIBRARY OF CONGRESS CALL NUMBER
Classification number QP6
Item number .H36 1977
Classification number QP101.3
082 00 - DEWEY DECIMAL CLASSIFICATION NUMBER
Classification number 599/.01 s
-- 599/.011
Edition number 19
245 04 - TITLE STATEMENT
Title The Cardiovascular system /
Statement of responsibility, etc. volume editor, Robert M. Berne, associate editor, Nick Sperelakis, executive editor, Stephen R. Geiger.
260 ## - PUBLICATION, DISTRIBUTION, ETC.
Place of publication, distribution, etc. Bethesda, Md. :
Name of publisher, distributor, etc. American Physiological Society ;
Place of publication, distribution, etc. Baltimore, Md. :
Name of publisher, distributor, etc. distributed by Williams and Wilkins Co.,
Date of publication, distribution, etc. c1979-1984.
300 ## - PHYSICAL DESCRIPTION
Extent 4 v. in 6 :
Other physical details ill. ;
Dimensions 29 cm.
490 1# - SERIES STATEMENT
Series statement Handbook of physiology ; section 2
500 ## - GENERAL NOTE
General note "Formerly Section 2: Circulation."
500 ## - GENERAL NOTE
General note Vol. 2 edited by D.F. Bohr, and others; v. 3 by John T. Shepherd, Francois M. Abboud; v. 4 by Eugene M. Renkin, C. Charles Michel.
504 ## - BIBLIOGRAPHY, ETC. NOTE
Bibliography, etc. note Includes bibliographies and indexes.
505 0# - FORMATTED CONTENTS NOTE
Formatted contents note v. 1. The heart.--v. 2. Vascular smooth muscle.--v. 3. Peripheral circulation and organ blood flow 2 v.--v. 4. Microcirculation. 2 v.
650 #0 - SUBJECT ADDED ENTRY--TOPICAL TERM
Topical term or geographic name entry element Cardiovascular system.
700 1# - ADDED ENTRY--PERSONAL NAME
Personal name Berne, Robert M.,
Dates associated with a name 1918-
700 1# - ADDED ENTRY--PERSONAL NAME
Personal name Sperelakis, Nick,
Dates associated with a name 1930-
710 2# - ADDED ENTRY--CORPORATE NAME
Corporate name or jurisdiction name as entry element American Physiological Society (1887- )
830 #0 - SERIES ADDED ENTRY--UNIFORM TITLE
Uniform title Handbook of physiology (Bethesda, Md.) ;
Volume/sequential designation section 2.
906 ## - LOCAL DATA ELEMENT F, LDF (RLIN)
a 7
b cbc
c orignew
d 1
e ocip
f 19
g y-gencatlg
942 ## - ADDED ENTRY ELEMENTS (KOHA)
Source of classification or shelving scheme
Koha item type Book
Suppress in OPAC CM
Holdings
Withdrawn status Lost status Source of classification or shelving scheme Damaged status Not for loan Permanent Location Current Location Shelving location Date acquired Source of acquisition Total Checkouts Full call number Barcode Date last seen Copy number Price effective from Koha item type Public note
          AU LIBRARY AU LIBRARY Open Shelf 31.03.2022 DONATION FROM MOI UNIVERSITY   QP6 .H36 1977 C1 28007263 31.03.2022 1 31.03.2022 Book CM
          AU LIBRARY AU LIBRARY Open Shelf 31.03.2022 DONATION FROM MOI UNIVERSITY   QP6 .H36 1977 C2 28007256 31.03.2022 2 31.03.2022 Book CM

Powered by Koha